000 00363nam a22001337a 4500
020 _qHB.
040 _cFIZZA ISHAQ
082 _a974.879
_bMAR
100 _aAMIS,MARTIN.
_9133428
245 _aTHE SECOND PLANE SEPTEMBER 11;TERROR AND BOREDOM /
_cMARTIN AMIS.
260 _aNEW YORK ;
_bALFRED A.KNOPE,
_c2008.
300 _a211 P. ;
_c8.5X5.9IN
942 _2ddc
_cBK
999 _c616378
_d616378